书目信息 |
| 题名: |
中华人民共和国公职人员政务处分法
|
|
| 作者: | ;中国法制出版社 编 | |
| 分册: | ||
| 出版信息: | 2020.08 |
|
| 页数: | 28页 | |
| 开本: | 20cm | |
| 丛书名: | ||
| 单 册: | ||
| 中图分类: | D922.11 | |
| 科图分类: | ||
| 主题词: | 法律--中国 | |
| 电子资源: | ||
| ISBN: | 7-5216-1140-3 | |
| 000 | 00690nam0 2200193 450 | |
| 001 | 2655886238 | |
| 005 | 20260414153522.69 | |
| 010 | @a7-5216-1140-3@dCNY5.00 | |
| 100 | @a20260414d2020 km y0chiy0120 ea | |
| 101 | 0 | @achi |
| 200 | 1 | @a中华人民共和国公职人员政务处分法@AZhong Hua Ren Min Gong He Guo Gong Zhi Ren Yuan Zheng Wu Chu Fen Fa@e含草案说明@f中国法制出版社编@FZhong Guo Fa Zhi Chu Ban She Bian |
| 210 | @d2020.08 | |
| 215 | @a28页@d20cm | |
| 517 | 1 | @a含草案说明@AHan Cao An Shuo Ming |
| 606 | 0 | @a法律@x中国 |
| 690 | @aD922.11@v4 | |
| 711 | 02 | @a中国法制出版社@AZhong Guo Fa Zhi Chu Ban She@4编 |
| 801 | 0 | @aCN@b大连网信软件有限公司图书馆·11@c20260414 |
| 905 | @aZUCC@dD922.11@e2563 | |
| 中华人民共和国公职人员政务处分法:含草案说明/中国法制出版社编.-2020.08 |
| 28页;20cm |
| ISBN 7-5216-1140-3:CNY5.00 |
| ● |
| 相关链接 |
|
|
|
|
正题名:中华人民共和国公职人员政务处分法
索取号:D922.11/2563
 
预约/预借
| 序号 | 登录号 | 条形码 | 馆藏地/架位号 | 状态 | 备注 |
| 1 | 1442590 | 214425905 | 第一样本阅览室/ [索取号:D922.11/2563] | 在馆 | |
| 2 | 1442591 | 214425914 | 第一借阅区/ [索取号:D922.11/2563] | 在馆 |